[Event "St Petersburg op"]
[Site "St Petersburg"]
[Date "1993.??.??"]
[Round "?"]
[White "Najer, Evgeniy"]
[Black "Yuneev, Alexey"]
[Result "0-1"]
[WhiteElo "2310"]
[BlackElo "2365"]

1.e4 e5 2.Nf3 Nc6 3.Bb5 a6 4.Ba4 Nf6 5.Qe2 d6 6.c4 Bg4 7.Nc3 Nd7 8.Bxc6 bxc6
9.h3 Bh5 10.g4 Bg6 11.d4 h5 12.Rg1 Be7 13.Be3 Qb8 14.O-O-O Qb4 15.dxe5 Nxe5
16.Nxe5 dxe5 17.f4 exf4 18.Bxf4 hxg4 19.Qxg4 Qxc4 20.Qd7+ Kf8 21.Bxc7 Bf6
22.e5 Qf4+ 23.Rd2 Bxe5 24.Qxc6 Re8 25.Re1 f6 26.Bxe5 Rxe5 27.Qd6+ Kf7 28.Qc7+ Kg8
29.Rxe5 fxe5 30.Nd5 Qf7 31.Qd8+ Kh7 32.Qh4+ Bh5 33.b3 Re8 34.Rf2 Qg6 35.Kb2 Qh6
36.Ne3 Rc8 37.Qe4+ Bg6 38.Qf3 Qh4 39.Ng4 Rd8 40.Nxe5 Qd4+  0-1

[Event "St Petersburg op"]
[Site "St Petersburg"]
[Date "1993.??.??"]
[Round "?"]
[White "Najer, Evgeniy"]
[Black "Solozhenkin, Evgeniy"]
[Result "0-1"]
[WhiteElo "2310"]
[BlackElo "2515"]

1.e4 e5 2.Nf3 Nc6 3.Bb5 a6 4.Ba4 Nf6 5.Qe2 b5 6.Bb3 Bc5 7.d3 d6 8.c3 h6 9.h3 O-O
10.g4 Nh7 11.Nbd2 Be6 12.Nf1 a5 13.h4 a4 14.Bxe6 fxe6 15.g5 h5 16.Ng3 g6
17.O-O Qd7 18.Be3 b4 19.d4 exd4 20.cxd4 Rxf3 21.Qxf3 Nxd4 22.Bxd4 Bxd4 23.e5 Rf8
24.Qe4 dxe5 25.Qxg6+ Kh8 26.Qxh5 a3 27.bxa3 Bxa1 28.Rxa1 Qd4 29.Rf1 Rf4 30.g6 Rxh4
31.Qf3 e4 32.Qf7 Qf6 33.Qe8+ Nf8 34.axb4 Kg7 35.Rc1 Nxg6 36.Rxc7+ Kh6 37.Qc6 e3
38.fxe3 Qe5 39.Kg2 Qxe3 40.Qc1 Nf4+ 41.Kf1 Qf3+ 42.Ke1 Qxg3+  0-1

[Event "EU-ch U18"]
[Site "Hania"]
[Date "1994.??.??"]
[Round "6"]
[White "Najer, Evgeniy"]
[Black "Dervishi, Erald"]
[Result "1-0"]
[WhiteElo "2465"]
[BlackElo "2315"]

1.e4 e5 2.d4 exd4 3.Qxd4 Nc6 4.Qa4 Bc5 5.Nf3 d6 6.Bg5 Nf6 7.Nc3 h6 8.Bh4 Bd7
9.Bb5 a6 10.Bxc6 Bxc6 11.Qc4 Qe7 12.O-O-O O-O-O 13.Rhe1 Bb6 14.Nd4 Bxd4 15.Qxd4 Qe5
16.Bxf6 Qxf6 17.Qxf6 gxf6 18.Nd5 Bxd5 19.Rxd5 Rhg8 20.g3 Rg5 21.h4 Re5 22.f4 Rxd5
23.exd5 f5 24.h5 Kd7 25.Kd2 Re8 26.Rf1 b6 27.Rf3 Re4 28.Rd3 Kd8 29.Ra3 a5
30.Rd3 Kd7 31.c3 Ra4 32.a3 Re4 33.Re3 Rxe3 34.Kxe3 c5 35.Kd3 Kc7 36.Kc4 Kb8
37.Kb5 Kb7 38.a4 Ka7 39.Kc6 Ka6 40.Kxd6 b5  1-0

[Event "EU-ch U18"]
[Site "Hania"]
[Date "1994.??.??"]
[Round "9"]
[White "Najer, Evgeniy"]
[Black "Kempinski, Robert"]
[Result "1/2-1/2"]
[WhiteElo "2465"]
[BlackElo "2385"]

1.e4 c5 2.Nc3 a6 3.f4 g6 4.d4 Bg7 5.Be3 Nc6 6.dxc5 Qa5 7.Qd2 Nf6 8.Nd5 Nxd5
9.exd5 Bxb2 10.Qxa5 Nxa5 11.Rb1 Bc3+ 12.Ke2 Nc4 13.Bc1 Ba5 14.Kd1 b5 15.a4 Bc7
16.Nf3 d6 17.axb5 axb5 18.Nd4 dxc5 19.Nxb5 Bg4+ 20.Ke1 Ba5+ 21.Kf2 Nd6 22.Nxd6+ exd6
23.Bb5+ Bd7 24.Bb2 Rg8 25.Bf6 Bxb5 26.Rxb5 Kd7 27.Ra1  1/2-1/2

[Event "St Petersburg op"]
[Site "St Petersburg"]
[Date "1994.??.??"]
[Round "1"]
[White "Kavalerov, Aleksandr"]
[Black "Najer, Evgeniy"]
[Result "1/2-1/2"]
[WhiteElo "2325"]
[BlackElo "2495"]

1.c4 e5 2.Nc3 Nc6 3.g3 f5 4.Bg2 Nf6 5.e3 d5 6.Nxd5 Nxd5 7.cxd5 Nb4 8.d3 Nxd5
9.Nf3 Bd6 10.O-O Nf6 11.e4 fxe4 12.dxe4 O-O 13.b4 Qe8 14.Bb2 Bd7 15.a3 a5
16.bxa5 Rxa5 17.Bc3 Ra4 18.Nd2 Kh8 19.Qb3 b5 20.Bb2 Qh5 21.Rac1 Ng4 22.h3 Nf6
23.h4 c5 24.Qd3 Ra6 25.Nf3 c4 26.Qe3 Ng4 27.Qe2 Qf7 28.Rcd1 Qe7 29.Qd2 Be8
30.Qg5 Qxg5 31.Nxg5 Bxa3 32.Bxa3 Rxa3 33.Rd8 c3 34.Rc1 b4 35.Rb8 Rb3 36.Bf1 h6
37.Ne6 Rg8 38.Nc5 Rb2 39.Nd3 Rd2 40.Rxb4 c2 41.Rc4 Bg6 42.R1xc2 Rxc2 43.Rxc2 Bxe4  1/2-1/2

[Event "St Petersburg op"]
[Site "St Petersburg"]
[Date "1994.??.??"]
[Round "8"]
[White "Najer, Evgeniy"]
[Black "Popov, Valerij"]
[Result "0-1"]
[WhiteElo "2495"]
[BlackElo "2395"]

1.e4 g6 2.d4 Bg7 3.g3 d6 4.Bg2 e5 5.Ne2 Nf6 6.O-O O-O 7.h3 c6 8.Be3 Nbd7
9.Nbc3 Qc7 10.a4 b6 11.f4 Bb7 12.g4 exf4 13.Bxf4 a6 14.Ng3 b5 15.Qd2 Ne8
16.Bh6 Qd8 17.Rad1 Qe7 18.Nce2 Nb6 19.Bxg7 Nxg7 20.axb5 axb5 21.b3 f6 22.Rf2 Nd7
23.h4 Ra2 24.Nc3 Ra7 25.Rdf1 Rfa8 26.h5 Ne8 27.e5 dxe5 28.d5 cxd5 29.Nxd5 Qe6
30.hxg6 hxg6 31.Ne3 Bxg2 32.Kxg2 Ra1 33.Rxa1 Rxa1 34.Qc3 Ra6 35.Qd3 Qc6+
36.Kh2 Nf8 37.Ne4 Ra7 38.Nd5 Rd7 39.c4 bxc4 40.bxc4 Kg7 41.Kg3 Ne6 42.Qe3 Qxc4
43.Nb6 Qd4 44.Qd2 Rb7 45.Qxd4 Nxd4 46.Nc4 Rb4 47.Ncd2 Nb3 48.Nxb3 Rxb3+ 49.Kg2 Rb4  0-1

[Event "Moscow op2"]
[Site "Moscow"]
[Date "1995.??.??"]
[Round "2"]
[White "Najer, Evgeniy"]
[Black "Belikov, Vladimir"]
[Result "1/2-1/2"]
[WhiteElo "2455"]
[BlackElo "2480"]

1.d4 Nf6 2.c4 e6 3.Nc3 Bb4 4.e3 O-O 5.Ne2 d5 6.a3 Be7 7.cxd5 Nxd5 8.g3 Nxc3
9.Nxc3 c5 10.dxc5 Qxd1+ 11.Kxd1 Rd8+ 12.Ke2 Nd7 13.b4 a5 14.Bb2 Ne5 15.Nd5 Rxd5
16.e4 Rd8 17.Bxe5 axb4 18.axb4 Rxa1 19.Bxa1 b6 20.cxb6 Bxb4 21.Be5 Rd2+ 22.Kf3 Bc5
23.Be2 Bb7 24.Rc1 Bxb6 25.Bc7  1/2-1/2

[Event "Moscow op2"]
[Site "Moscow"]
[Date "1995.??.??"]
[Round "5"]
[White "Vorobiov, Evgeny E"]
[Black "Najer, Evgeniy"]
[Result "1/2-1/2"]
[WhiteElo "2325"]
[BlackElo "2455"]

1.e4 e5 2.Nf3 Nc6 3.d4 exd4 4.Nxd4 Qf6 5.Nxc6 Bc5 6.Qd2 dxc6 7.Nc3 Be6 8.Na4 Bd6
9.Bd3 O-O-O 10.Qa5 b5 11.Qa6+ Kd7 12.Nc3 Nh6 13.h3 Bc5 14.O-O Qe5 15.Ne2 g5  1/2-1/2

[Event "Moscow-ch op"]
[Site "Moscow"]
[Date "1995.??.??"]
[Round "8"]
[White "Baikov, Vladimir A"]
[Black "Najer, Evgeniy"]
[Result "0-1"]
[WhiteElo "2370"]
[BlackElo "2455"]

1.d4 d5 2.c4 dxc4 3.e3 g6 4.Bxc4 Bg7 5.Nf3 Nf6 6.O-O O-O 7.Nc3 Ne8 8.h3 Nd6
9.Bb3 b5 10.Re1 Bb7 11.d5 a5 12.e4 a4 13.Bc2 a3 14.Rb1 Nc4 15.b3 Nb2 16.Qd2 c6
17.e5 Qa5 18.Bxb2 axb2 19.Rxb2 b4 20.Ne2 cxd5 21.Ned4 Nc6 22.Nxc6 Bxc6 23.Nd4 Bd7
24.Bd3 Rfc8 25.Rc2 Qb6 26.Rxc8+ Rxc8 27.Bb1 e6 28.h4 Qc5 29.h5 Qc3 30.Qxc3 Rxc3
31.hxg6 hxg6 32.g3 g5 33.Kg2 Bf8 34.Ne2 Rc7 35.Rc1 Rxc1 36.Nxc1 g4 37.Bc2 Bg7
38.Nd3 Bb5 39.Nxb4 Bxe5 40.Bd1 Bd7 41.a4 Kf8 42.Bc2 Ke7 43.Nd3 Bc3 44.b4 Kd6
45.b5 e5 46.Kf1 d4 47.Bb3 f6 48.Bc4 Bf5 49.Ke2 Be4 50.Ne1 Bb7 51.Bf7 e4 52.Kd1 Kc5
53.Be6 Kb4 54.Bxg4 Kxa4 55.Bd7 Bd5 56.Bc6 Bb3+ 57.Ke2 Bc4+ 58.Kd1 d3 59.b6+ Ka5
60.Bxe4 Bb3+ 61.Nc2 Bxc2+ 62.Kc1 Kxb6 63.f4 Kc5  0-1

[Event "Chigorin mem"]
[Site "St Petersburg"]
[Date "1995.??.??"]
[Round "9"]
[White "Najer, Evgeniy"]
[Black "Romanovich, Leonid"]
[Result "1-0"]
[WhiteElo "2455"]
[BlackElo "2215"]

1.d4 Nf6 2.c4 c5 3.d5 e5 4.Nc3 d6 5.e4 Be7 6.Nge2 g6 7.g3 Nh5 8.Bg2 Bg5 9.O-O Bxc1
10.Qxc1 O-O 11.Qh6 Nd7 12.f4 exf4 13.gxf4 Qh4 14.Ng3 Ndf6 15.Nxh5 gxh5 16.h3 Bxh3
17.Qg5+ Qxg5 18.fxg5 Bxg2 19.Rxf6 Bh3 20.Kh2 Bg4 21.Nb5 Rae8 22.Nxd6 Re5
23.Raf1 Rxg5 24.Nxf7 Kg7 25.R6f4 Rg6 26.R1f2 Be2 27.b3 Rg4 28.Ng5 Rgxf4 29.Ne6+ Kg8
30.Nxf4 Bg4 31.e5 Rf5 32.e6 Kf8 33.Kg3 Ke7 34.Nd3 Kd6 35.Rxf5 Bxf5 36.Ne1 Bb1
37.Nf3 b5 38.Nd2 Bg6 39.Kf4 bxc4 40.bxc4 h4 41.Ne4+ Kc7 42.d6+ Kc6 43.d7 Kc7
44.Nxc5  1-0

[Event "Moscow GM1"]
[Site "Moscow"]
[Date "1996.??.??"]
[Round "?"]
[White "Najer, Evgeniy"]
[Black "Belikov, Vladimir"]
[Result "1-0"]
[WhiteElo "2455"]
[BlackElo "2500"]

1.d4 Nf6 2.c4 e6 3.Nc3 Bb4 4.e3 O-O 5.Ne2 d5 6.a3 Be7 7.cxd5 Nxd5 8.Qc2 Nd7
9.Ng3 N5f6 10.Be2 c5 11.dxc5 Bxc5 12.O-O b6 13.b4 Be7 14.Qb3 Bb7 15.e4 Qc7
16.Be3 Rac8 17.Rac1 Qb8 18.f4 Qa8 19.f5 e5 20.Rfd1 Nb8 21.Bc4 Nc6 22.Nd5 Nxd5
23.Bxd5 Nd4 24.Bxd4 exd4 25.Rxc8 Qxc8 26.Bxb7 Qxb7 27.Rxd4 Bf6 28.Rd5 Qc7
29.Qe3 Be5 30.Nf1 Rd8 31.Qd3 Rxd5 32.exd5 h5 33.g3 b5 34.Kg2 a6 35.Nd2 Kf8
36.Ne4 Ke7 37.Qf3 Qc2+ 38.Kh3 f6 39.Nc5 a5 40.Qxh5 axb4 41.axb4 Qb1 42.Qg4 Kd6
43.Ne6 Bc3 44.Nxg7 Qf1+ 45.Kh4 Kxd5 46.Kh5 Ke5 47.Kg6 Qc4 48.Qf4+ Qxf4 49.gxf4+ Kxf4
50.h4 Bxb4 51.h5 Bc3 52.h6  1-0

[Event "Moscow GM1"]
[Site "Moscow"]
[Date "1996.??.??"]
[Round "?"]
[White "Mesropov, Konstantin"]
[Black "Najer, Evgeniy"]
[Result "1/2-1/2"]
[WhiteElo "2375"]
[BlackElo "2455"]

1.c4 e5 2.Nc3 Nc6 3.g3 f5 4.Bg2 Nf6 5.d3 Bb4 6.Bd2 O-O 7.Nf3 d6 8.O-O Bxc3
9.Bxc3 a5 10.b3 Qe8 11.e3 Bd7 12.a3 Rb8 13.Ne1 b5 14.Qd2 bxc4 15.bxc4 a4
16.Nc2 Rb3 17.Rab1 f4 18.exf4 exf4 19.Rxb3 axb3 20.Nd4 Ne5 21.gxf4 Ng6 22.Re1 Qf7
23.f5 Nh4 24.Qg5 Nxg2 25.Qxg2 c5 26.Ne6 Re8 27.Rb1 Bxe6 28.fxe6 Qxe6 29.Rxb3 Qe2
30.Rb7 Qd1+ 31.Qf1 Qg4+ 32.Qg2  1/2-1/2

[Event "Moscow GM1"]
[Site "Moscow"]
[Date "1996.??.??"]
[Round "?"]
[White "Guliev, Sarhan"]
[Black "Najer, Evgeniy"]
[Result "0-1"]
[WhiteElo "2505"]
[BlackElo "2455"]

1.d4 Nf6 2.c4 e6 3.Nc3 Bb4 4.e3 O-O 5.Ne2 d5 6.a3 Be7 7.cxd5 exd5 8.Ng3 c5
9.dxc5 Bxc5 10.Nb5 Nc6 11.b4 Bb6 12.Bb2 Ng4 13.Be2 Qg5 14.O-O h5 15.Nxh5 Qxh5
16.h3 Nxf2 17.Bxh5 Nxd1 18.Raxd1 Bxe3+ 19.Kh1 Be6 20.Rf3 Bb6 21.Rg3 f6 22.Nd4 Nxd4
23.Bxd4 Bxd4 24.Rxd4 Rfd8 25.Re3 Rd6 26.Bf3 Kf7 27.Rc3 Rad8 28.b5 R8d7 29.Kg1 f5
30.Rc8 Rd8 31.Rc7+ R6d7 32.Rc5 Kf6 33.Kf2 Ke5 34.Ke3 b6 35.Rc6 f4+ 36.Rxf4 d4+
37.Kd3 Kxf4 38.Rxe6 Kg3 39.Bc6 Rf7 40.Rg6+ Kf2 41.Rg5 Rd6 42.a4 g6 43.Re5 Rf5
44.Re7 a5 45.Rb7 Re5 46.Rxb6 Ke1  0-1

[Event "Moscow GM3"]
[Site "Moscow"]
[Date "1996.??.??"]
[Round "?"]
[White "Najer, Evgeniy"]
[Black "Zaitsev, Igor A"]
[Result "1/2-1/2"]
[WhiteElo "2455"]
[BlackElo "2460"]

1.d4 Nf6 2.c4 d6 3.Nc3 Na6 4.Nf3 Bf5 5.Bg5 Ne4 6.Nxe4 Bxe4 7.e3 c6 8.Qd2 h6
9.Bh4 g5 10.Bg3 e5 11.O-O-O Qb6 12.Bd3 Bxd3 13.Qxd3 Nb4 14.Qb3 e4 15.Nd2 Nd3+
16.Kb1 Qxb3 17.axb3 f5 18.f3 d5 19.fxe4 fxe4 20.Rhf1 Bb4 21.Nf3 O-O 22.Ne5 Rxf1
23.Rxf1 Nxe5 24.Bxe5 Rf8 25.Rxf8+ Kxf8 26.Kc2 g4 27.Bb8 a6 28.c5 Ba5 29.Kd1 Kf7
30.Ke2 Ke6 31.Bg3 h5 32.Bf4 Kd7 33.h3 gxh3 34.gxh3 Ke6 35.Bg3 Kf5 36.Be1 Bc7
37.b4 Kg5 38.Kf1 b6 39.Kg2 h4 40.Bc3 b5 41.Be1  1/2-1/2

[Event "Moscow GM3"]
[Site "Moscow"]
[Date "1996.??.??"]
[Round "?"]
[White "Najer, Evgeniy"]
[Black "Kholmov, Ratmir D"]
[Result "1-0"]
[WhiteElo "2455"]
[BlackElo "2495"]

1.d4 Nf6 2.c4 e6 3.Nc3 Bb4 4.e3 O-O 5.Ne2 d5 6.a3 Bd6 7.c5 Be7 8.b4 b6 9.Nf4 a5
10.Bd2 bxc5 11.bxc5 Ba6 12.Bxa6 Rxa6 13.Nd3 Nc6 14.f4 Ne4 15.O-O Qd7 16.Nxe4 dxe4
17.Nf2 f5 18.Qe2 Raa8 19.Rfb1 Rab8 20.Kh1 Rfd8 21.Be1 g5 22.fxg5 Bxg5 23.Nh3 Bh6
24.g4 e5 25.dxe5 Rxb1 26.Rxb1 fxg4 27.Bc3 Bg7 28.Rg1 h5 29.Nf4 Qf5 30.h3 Nxe5
31.Bxe5 Qxe5 32.hxg4 h4 33.g5 Qf5 34.c6 Rd3 35.Rb1 Rxa3 36.Rb8+ Bf8 37.Qc4+ Kh7
38.g6+ Kh6 39.Rb5 Ra1+ 40.Kh2 Ra2+ 41.Kh1 Ra1+ 42.Kh2 Ra2+ 43.Qxa2 Qxb5 44.Qg8 Qb2+
45.Kh3 Qg7 46.Qd5  1-0

[Event "Moscow GM3"]
[Site "Moscow"]
[Date "1996.??.??"]
[Round "?"]
[White "Najer, Evgeniy"]
[Black "Filippov, Valerij"]
[Result "0-1"]
[WhiteElo "2455"]
[BlackElo "2530"]

1.d4 d5 2.c4 c6 3.Nc3 Nf6 4.Nf3 e6 5.Bg5 dxc4 6.e3 b5 7.a4 Bb4 8.Nd2 Qb6
9.Bxf6 gxf6 10.Qf3 Bb7 11.Nde4 f5 12.Ng5 Rg8 13.Qh5 Rg6 14.Be2 Nd7 15.O-O c5
16.dxc5 Bxc5 17.Nxb5 Bxe3 18.Nd6+ Qxd6 19.fxe3 Qd2  0-1

[Event "Moscow GM3"]
[Site "Moscow"]
[Date "1996.??.??"]
[Round "?"]
[White "Najer, Evgeniy"]
[Black "Aleksandrov, Aleksej"]
[Result "1/2-1/2"]
[WhiteElo "2455"]
[BlackElo "2535"]

1.d4 Nf6 2.c4 e6 3.Nc3 Bb4 4.e3 O-O 5.Ne2 d5 6.a3 Bd6 7.c5 Be7 8.b4 b6 9.Nf4 a5
10.Bd2 c6 11.Be2 Ba6 12.Nd3 Nbd7 13.O-O Bc4 14.Re1 Ra7 15.f4 Qa8 16.Nf2 Bxe2
17.Nxe2 Bd8 18.Bc3 Ne8 19.Nd3 Nc7 20.Qc2 Nb5 21.Bb2 axb4 22.axb4 Na3 23.Bxa3 Rxa3
24.Qb2 Rxa1 25.Rxa1 Qb7 26.Qa2 Bc7 27.Qa7 Qxa7 28.Rxa7 Rc8 29.Ne5 Nxe5 30.dxe5 bxc5
31.bxc5 Bd8 32.Nd4 h5 33.f5 Bg5 34.Kf2 exf5 35.Nxf5 Re8 36.Nd4 Rxe5 37.Ra3 Re4
38.Nxc6 Rc4 39.Ne5 Rxc5 40.Ra8+ Kh7 41.Nxf7 Bh4+ 42.Kf3 d4 43.Ke4 dxe3 44.Kxe3 Kg6
45.Nd6 Rc2 46.g3 Be7 47.Re8 Kf6 48.Ne4+ Kf7 49.Rb8 Rxh2 50.Rb5 g6 51.Nf2 Rg2
52.Kf3 Rg1 53.Ne4 Rf1+ 54.Kg2 Re1 55.Kf3 Rf1+ 56.Kg2 Ra1 57.Kf3 Ra3+ 58.Kf4 Ra4
59.Kf3 Ra7 60.Kf4 Kg7 61.Kf3 Kh6 62.Rb6 Bd8 63.Rd6 Bc7 64.Rc6 Be5 65.Re6 Ra3+
66.Kg2 Ba1 67.Kh3 Bd4 68.Rd6 Ra4 69.Re6 Ra3 70.Rd6 Be3 71.Kg2 Rb3 72.Rc6 Rb7
73.Kf3 Ba7 74.Re6 Rb3+ 75.Kg2 Re3 76.Re8 Re1 77.Re6 Re2+ 78.Kf3 Re3+ 79.Kg2 Bd4
80.Re8 Re2+ 81.Kf3 Re1 82.Re6 Rf1+ 83.Kg2 Rf5 84.Rd6 Be3 85.Rd3 Ba7 86.Rd6 Re5
87.Kf3 Re7 88.Ra6 Kg7 89.Ra5 Rb7 90.Re5 Bb8 91.Re6 Rb5 92.Re7+ Kf8 93.Rd7 Rb1
94.Rd3 Ke7 95.Ra3 Rb6 96.Ra5 Bc7 97.Ra7 Rc6 98.Rb7 Ke6 99.Rb5 Bd8 100.Kg2 Be7  1/2-1/2

[Event "Moscow GM3"]
[Site "Moscow"]
[Date "1996.??.??"]
[Round "?"]
[White "Korotylev, Alexey"]
[Black "Najer, Evgeniy"]
[Result "0-1"]
[WhiteElo "2440"]
[BlackElo "2455"]

1.d4 Nf6 2.c4 e6 3.Nc3 Bb4 4.Qc2 Nc6 5.Nf3 d6 6.Bg5 h6 7.Bh4 g5 8.Bg3 g4
9.Nd2 Nxd4 10.Qd3 Nf5 11.h3 Rg8 12.O-O-O Bd7 13.a3 Nxg3 14.Qxg3 Nh5 15.Qd3 Bxc3
16.Qxc3 g3 17.Qf3 Qg5 18.Qxb7 Ke7 19.h4 Qe5 20.f4 Nxf4 21.e3 Rab8 22.exf4 Qg7
23.Qb4 Rxb4 24.axb4 Rb8 25.b5 a6 26.Ne4 axb5 27.c5 d5 28.Nc3 b4 29.Ne2 Ra8  0-1

[Event "RUS-Cup2"]
[Site "Moscow"]
[Date "1996.??.??"]
[Round "2"]
[White "Donchenko, Anatoly G"]
[Black "Najer, Evgeniy"]
[Result "0-1"]
[WhiteElo "2370"]
[BlackElo "2480"]

1.c4 e5 2.Nc3 Bb4 3.Nd5 Ba5 4.b4 c6 5.bxa5 cxd5 6.cxd5 Nf6 7.e4 Qxa5 8.f3 O-O
9.Qb3 d6 10.Ba3 Ne8 11.Ne2 f5 12.Nc3 Qd8 13.exf5 Bxf5 14.Qxb7 Nd7 15.Qa6 Nb6
16.Qa5 Qh4+ 17.g3 Qh5 18.Be2 Bd3 19.O-O Nc4 20.Qb4 a5 21.Qb7 Bxe2 22.Nxe2 Nxd2
23.Rf2 Nxf3+ 24.Kh1 Nf6 25.Bxd6 Ne4 26.Bxf8 Nxf2+ 27.Kg2 Qxh2+ 28.Kxf3 Rxf8+
29.Ke3 Qh6+ 30.Nf4 exf4+  0-1

[Event "Moscow-ch"]
[Site "Moscow"]
[Date "1996.??.??"]
[Round "4"]
[White "Orlinkov, Maxim L"]
[Black "Najer, Evgeniy"]
[Result "0-1"]
[WhiteElo "2305"]
[BlackElo "2480"]

1.d4 Nf6 2.c4 g6 3.Nc3 Bg7 4.Bg5 d5 5.Bxf6 Bxf6 6.cxd5 c6 7.dxc6 Bxd4 8.cxb7 Bxb7
9.Nf3 Bxc3+ 10.bxc3 Qa5 11.Qb3 O-O 12.e3 Bxf3 13.gxf3 Nd7 14.Qb4 Qf5 15.Be2 Rab8
16.Qe4 Qxe4 17.fxe4 Rb2 18.Rd1 Nc5 19.Bf3 Rxa2 20.O-O a5 21.e5 Rb8 22.Rd5 Rc8
23.Rb1 e6 24.Rd4 a4 25.Rc4 a3 26.Rb5 Rc2 27.Ra5 a2 28.Kg2 Kg7 29.Ra7 Rc7
30.Ra8 f6 31.exf6+ Kxf6 32.Kg3 Ke7 33.h4 Rd2 34.Rb4 Nd3 35.Rd4 Nxf2  0-1

[Event "RUS-Cup2"]
[Site "Moscow"]
[Date "1996.??.??"]
[Round "4"]
[White "Fedorov, Alexei"]
[Black "Najer, Evgeniy"]
[Result "1-0"]
[WhiteElo "2555"]
[BlackElo "2480"]

1.e4 e5 2.f4 Bc5 3.Nf3 d6 4.Nc3 Bg4 5.h3 Bxf3 6.Qxf3 Nc6 7.Bb5 Ne7 8.f5 a6
9.Ba4 b5 10.Bb3 Nd4 11.Qg4 O-O 12.f6 Ng6 13.Nd5 c6 14.Ne7+ Kh8 15.fxg7+ Kxg7
16.Nf5+ Nxf5 17.exf5 h5 18.Qxh5 Rh8 19.Qf3 e4 20.Qc3+ Ne5 21.Qg3+ Kf8 22.d4 Bxd4
23.Bg5 Qa5+ 24.Bd2 Qb6 25.f6 Ke8 26.O-O-O a5 27.Bc3 Bxc3 28.Qxc3 b4 29.Qd2 d5
30.Bxd5 e3 31.Bxc6+ Nxc6 32.Qd7+ Kf8 33.Rd6 e2 34.Rxc6 Qe3+ 35.Qd2  1-0

[Event "RUS-Cup2"]
[Site "Moscow"]
[Date "1996.??.??"]
[Round "5"]
[White "Najer, Evgeniy"]
[Black "Daschian, Nikolai V"]
[Result "1-0"]
[WhiteElo "2480"]
[BlackElo "2415"]

1.d4 d5 2.c4 c6 3.Nc3 Nf6 4.Nf3 e6 5.Bg5 dxc4 6.a4 Bb4 7.e4 b5 8.e5 h6 9.exf6 hxg5
10.fxg7 Rg8 11.h4 gxh4 12.Rxh4 Qf6 13.g3 Nd7 14.Bg2 Bb7 15.Kf1 a6 16.Ne4 Qxg7
17.b3 cxb3 18.Qxb3 Be7 19.Rc1 Rh8 20.Rf4 Rh5 21.Qa2 Rf5 22.Qe2 b4 23.Kg1 c5
24.dxc5 Nxc5 25.Nxc5 Rxc5 26.Rxc5 Bxc5 27.Ne5 Bxg2 28.Kxg2 Bd6 29.Qe4 Rd8
30.Qc6+ Kf8 31.Rxf7+ Qxf7 32.Nxf7 Kxf7 33.Qxa6 Ke7 34.Qb7+ Rd7 35.Qb5 Rd8
36.a5 Rb8 37.Qg5+ Kd7 38.a6 b3 39.a7 Ra8 40.Qb5+ Kc7 41.Qxb3 Rxa7 42.Qxe6 Ra5
43.f4 Rc5 44.Kh3 Rh5+ 45.Kg4 Rc5 46.Kh4 Rc2 47.g4  1-0

[Event "Moscow-ch"]
[Site "Moscow"]
[Date "1996.??.??"]
[Round "5"]
[White "Najer, Evgeniy"]
[Black "Annakov, Babakuli"]
[Result "1/2-1/2"]
[WhiteElo "2480"]
[BlackElo "2360"]

1.e4 d6 2.g3 Nf6 3.Bg2 e5 4.Ne2 Be7 5.d4 O-O 6.Nbc3 c6 7.a4 Nbd7 8.O-O Re8
9.h3 Bf8 10.g4 exd4 11.Nxd4 Nc5 12.Re1 a5 13.Bf4 Be6 14.Qd2 Qb6 15.b3 Rad8
16.Rad1 Bc8 17.Bg3 g6 18.Bh4 Be7 19.Qh6 Nfd7 20.Bxe7 Rxe7 21.Ndb5 d5 22.Qh4 f6
23.exd5 Rxe1+ 24.Rxe1 cxb5 25.Re7 h5 26.Nxb5 Ne5 27.gxh5 g5 28.Qg3 Kf8 29.Rh7 Bf5
30.Rh8+ Ke7 31.d6+ Kd7 32.Rh6 Rf8 33.Nd4 Be4 34.Nb5 Bxc2 35.Rxf6 Rxf6 36.Qxe5 Rxd6
37.Nxd6 Qxd6 38.Qxg5 Bxb3 39.h6 Bc2 40.Qg7+ Qe7 41.Qd4+ Qd6 42.Qg7+ Qe7  1/2-1/2

[Event "Moscow Alekhine op"]
[Site "Moscow"]
[Date "1996.??.??"]
[Round "6"]
[White "Najer, Evgeniy"]
[Black "Kharitonov, Andrei Y"]
[Result "0-1"]
[WhiteElo "2455"]
[BlackElo "2560"]

1.e4 c5 2.Nc3 e6 3.d4 cxd4 4.Qxd4 Nc6 5.Qa4 Nf6 6.Bf4 Bb4 7.O-O-O O-O 8.Bd6 Bxd6
9.Rxd6 a6 10.Bb5 axb5 11.Qxa8 b4 12.e5 Nxe5 13.Nb5 Ne4 14.f4 Nc6 15.Nf3 Qb6
16.Re1 Nxd6 17.Nxd6 Ne7 18.Qb8 Qa5 19.Re5 Nd5 20.Kb1 b6 21.f5 Qc5 22.f6  0-1

[Event "RUS-Cup2"]
[Site "Moscow"]
[Date "1996.??.??"]
[Round "9"]
[White "Najer, Evgeniy"]
[Black "Ivanov, Victor L"]
[Result "1-0"]
[WhiteElo "2480"]
[BlackElo "2415"]

1.e4 e5 2.Nf3 Nc6 3.Bb5 Nf6 4.Qe2 Bc5 5.d3 O-O 6.Bg5 d6 7.c3 Qe7 8.Nbd2 Nd8
9.d4 Bb6 10.h3 Ne6 11.Be3 exd4 12.cxd4 d5 13.e5 Ne4 14.O-O f5 15.exf6 Qxf6
16.Nxe4 dxe4 17.Ne5 Bxd4 18.Bxd4 Nxd4 19.Qc4+ Ne6 20.Nd7 Bxd7 21.Bxd7 Kf7
22.Qxe4 c6 23.Rad1 Nf4 24.Qxh7 Rad8 25.Bg4 Rh8 26.Qc2 b5 27.Qc5 Kg6 28.b4 a6
29.a3 Rhe8 30.g3 Nd5 31.Rd3 Re5 32.Rf3 Qd6 33.Qc2+ Kh6 34.Rd1 Rde8 35.Rfd3 Qg6
36.Qd2+ Kh7 37.Bf3 Qf5 38.Kg2 R8e6 39.Bg4 Qe4+ 40.Bf3 Qf5 41.Bxd5 Re2 42.Rf3  1-0

[Event "Moscow-ch"]
[Site "Moscow"]
[Date "1996.??.??"]
[Round "9"]
[White "Najer, Evgeniy"]
[Black "Tchernyi, Viktor"]
[Result "1-0"]
[WhiteElo "2480"]
[BlackElo "2355"]

1.d4 e6 2.c4 f5 3.Nc3 Bb4 4.g3 Nf6 5.Bg2 O-O 6.Nf3 d6 7.O-O Bxc3 8.bxc3 Qe7
9.c5 Nc6 10.cxd6 cxd6 11.Ba3 Qc7 12.c4 Ne4 13.Rc1 Bd7 14.d5 Nd8 15.Nd2 Nc5
16.Nb3 Nf7 17.Nxc5 dxc5 18.Qd2 Rad8 19.Qe3 exd5 20.Bxc5 Rfe8 21.Be7 Rc8 22.cxd5 Qa5
23.Rxc8 Bxc8 24.Rd1 Nd6 25.Qg5 h6 26.Qh4 Nf7 27.d6 Bd7 28.Bxb7 Qxa2 29.Bf3 a5
30.Qd4  1-0

[Event "Komercni Banka op"]
[Site "Pardubice"]
[Date "1996.??.??"]
[Round "8"]
[White "Milov, Leonid"]
[Black "Najer, Evgeniy"]
[Result "1/2-1/2"]
[WhiteElo "2455"]
[BlackElo "2480"]

1.Nf3 d5 2.b3 Nf6 3.Bb2 Bf5 4.c4 e6 5.g3 Nbd7 6.Bg2 c6 7.O-O Bd6 8.d3 Qe7
9.a3 h6 10.Nc3 O-O 11.Re1 Rfd8 12.cxd5 cxd5 13.Nb5 Bc5 14.e3 Bh7 15.b4 Bb6
16.Bh3 a6 17.Nbd4 Rac8 18.Nb3 Ne8 19.Qd2 Nd6 20.Rac1 Qf8 21.Ne5 Qe8 22.Nxd7 Qxd7
23.Be5 Qe7 24.Bxd6 Qxd6 25.d4 Bg6 26.Rxc8 Rxc8 27.Rc1 Rc7 28.Bf1 Kh7 29.Rxc7 Qxc7
30.Nc5 a5 31.Bd3 axb4 32.Bxg6+ Kxg6 33.axb4 Kf6 34.Na4 Qc6 35.Qa2 Ke7 36.Kg2 Qb5
37.Qa3 Bc7 38.Nc5 Bd6 39.Qa7 Bxc5 40.bxc5 Qc6 41.Qb8 Qd7 42.Qe5 f6 43.Qb8 Kf7
44.Qa8 Ke7 45.Qa7 Qc8 46.Qb6  1/2-1/2

[Event "Komercni Banka op"]
[Site "Pardubice"]
[Date "1996.??.??"]
[Round "9"]
[White "Najer, Evgeniy"]
[Black "Kaminski, Marcin"]
[Result "1/2-1/2"]
[WhiteElo "2480"]
[BlackElo "2525"]

1.d4 Nf6 2.g3 d5 3.Bg2 c6 4.Nf3 Bf5 5.O-O e6 6.c4 Be7 7.Nc3 O-O 8.Qb3 Qb6
9.c5 Qc7 10.Bf4 Qc8 11.Nh4 Bg6 12.Nxg6 hxg6 13.Qc2 Nbd7 14.b4  1/2-1/2

[Event "RUS-ch U20"]
[Site "Kolontaevo"]
[Date "1997.??.??"]
[Round "?"]
[White "Najer, Evgeniy"]
[Black "Prokopchuk, Evgeny"]
[Result "1/2-1/2"]
[WhiteElo "2510"]
[BlackElo "2440"]

1.d4 Nf6 2.c4 c5 3.d5 b5 4.Qc2 bxc4 5.e4 g6 6.Bxc4 Bg7 7.Nf3 O-O 8.O-O d6
9.h3 Nbd7 10.Nc3 Nb6 11.Be2 e6 12.dxe6 Bxe6 13.Ng5 Nfd7 14.f4 Nb8 15.f5 Bc8
16.Qd2 Nc6 17.Qf4 h6 18.Nf3 Qe7 19.Qg3 Nd4 20.Bd3 c4 21.Bb1 Bb7 22.Kh1 Nxf3
23.Qxf3 Nd7 24.Bc2 Rfe8 25.Bd2 Ne5 26.Qf2 Qf6 27.Rae1 Nd7 28.Be3 a6 29.Qd2 Qh4
30.Rf4 Qd8 31.Nd5 Bxd5 32.Qxd5 g5 33.Rf2 Nf6 34.Qxc4 Rc8 35.Qa4 d5 36.Rd2 Nxe4
37.Bxe4 Rxe4 38.Qxe4 dxe4 39.Rxd8+ Rxd8 40.b3 Rd5 41.g4 Bc3 42.Re2 Kg7 43.Rc2 Rd1+
44.Kg2 Be5 45.Rc4 Ra1 46.Ra4 Rb1 47.Rxe4 Rb2+ 48.Kf3 f6 49.Ra4 Rh2 50.Rxa6 Rxh3+
51.Ke2 h5 52.gxh5 Rxh5 53.a4 Rh2+ 54.Kf3 Rb2 55.Rb6 Ra2 56.Rb5 Kh6 57.Rb7 Ra1
58.Rf7 Rb1  1/2-1/2

[Event "Krasnodar op"]
[Site "Krasnodar"]
[Date "1997.??.??"]
[Round "?"]
[White "Najer, Evgeniy"]
[Black "Dzhumaev, Murat"]
[Result "0-1"]
[WhiteElo "2510"]
[BlackElo "2355"]

1.d4 f5 2.Nf3 Nf6 3.Bg5 g6 4.Bxf6 exf6 5.h4 d5 6.c4 dxc4 7.Nc3 c6 8.a4 Bb4
9.e3 Be6 10.h5 g5 11.Nd2 b5 12.axb5 Bxc3 13.bxc3 cxb5 14.Qf3 Qd5 15.Qg3 O-O
16.Be2 Qd7 17.h6 a5 18.f4 Qd6 19.O-O Nc6 20.Bf3 Kh8 21.e4 g4 22.Rad1 Ne7
23.e5 Qd8 24.Bxa8 Qxa8 25.Rfe1 Nd5 26.Ra1 Qa7 27.Kh2 Qc7 28.Re2 b4 29.cxb4 c3
30.Nb3 Qc4 31.Nc5 Qxe2 32.Nxe6 Rg8 33.bxa5 c2 34.a6 Qd1 35.Qa3 g3+ 36.Qxg3 Rxg3  0-1

[Event "Krasnodar op"]
[Site "Krasnodar"]
[Date "1997.??.??"]
[Round "?"]
[White "Najer, Evgeniy"]
[Black "Gavritenkov, Sergei"]
[Result "1-0"]
[WhiteElo "2510"]
[BlackElo "2225"]

1.d4 f5 2.g3 Nf6 3.Bg2 e6 4.c4 d6 5.Nh3 Be7 6.O-O O-O 7.Nc3 Nc6 8.d5 Ne5
9.Nf4 Nxc4 10.Nxe6 Bxe6 11.dxe6 c6 12.Qd3 d5 13.Qxf5 Ne4 14.Qg4 Nxc3 15.bxc3 Bf6
16.Rb1 Nd6 17.Ba3 Bxc3 18.e4 Bd4 19.Rbd1 c5 20.Rxd4 cxd4 21.e5 Nf5 22.Bxf8 Qxf8
23.Bxd5 Qc5 24.Bxb7 Rf8 25.Qe4 h5 26.Bd5 Ne7 27.Bb3 g6 28.Kg2 Kg7 29.Rd1 Nf5
30.Qd5 Qxd5+ 31.Bxd5 Rd8 32.Be4 Kf8 33.h3 Ke7 34.g4 hxg4 35.hxg4 Nh6 36.Kg3 Kxe6
37.Rh1 Nf7 38.f4 g5 39.Bf5+ Kd5 40.e6 gxf4+ 41.Kxf4 Nd6 42.Rh7 Kc6 43.Rxa7 Nxf5
44.gxf5 d3 45.Rd7  1-0